| 000 | 01325cam a2200289 a 4500 | ||
|---|---|---|---|
| 001 | 596493 | ||
| 005 | 20030530132141.0 | ||
| 008 | 910327s1991 enka b 110 0 eng | ||
| 010 | _a91003468 | ||
| 020 | _a0750611731 | ||
| 040 |
_aDLC _cDLC _dDLC |
||
| 050 | 0 | 0 |
_aTP156.C7 _bA385 1991 |
| 082 | 0 | 0 |
_a660.284298 _220 _bADV |
| 245 | 0 | 0 |
_aAdvances in Industrial Crystallization / _c[edited by] J. Garside, R.J. Davey, A.G. Jones. |
| 260 |
_aOxford ; _aBoston : _bButterworth Heinemann, _cc1991. |
||
| 300 |
_aix, 244 p. : _bill. ; _c26 cm. |
||
| 500 | _aBased on a meeting held to honor J.W. Mullin on his retirement from University College London, Sept. 1990. | ||
| 504 | _aIncludes bibliographical references. | ||
| 650 | 0 |
_aCrystallization _xIndustrial applications _xCongresses. _97514 |
|
| 700 | 1 |
_aGarside, J. _97515 |
|
| 700 | 1 |
_aDavey, R. _97516 |
|
| 700 | 1 |
_aJones, A. G. _q(Alan G.) _97517 |
|
| 700 | 1 |
_aMullin, J. W. _q(John William) _97518 |
|
| 942 |
_2ddc _cBB |
||
| 999 |
_c12187 _d12187 |
||